[Event "WchT Blitz Final"]
[Site "London"]
[Date "2025.06.15"]
[Round "2.1"]
[White "Bluebaum, Matthias"]
[Black "Nakamura, Hikaru"]
[Result "1/2-1/2"]
[WhiteElo "2663"]
[BlackElo "2804"]
[PlyCount "65"]
[EventDate "2025.06.15"]
[EventType "team-k.o. (blitz)"]
[EventRounds "4"]
[EventCountry "ENG"]
[SourceTitle "CB25_2025"]
[SourceDate "2025.06.18"]
[SourceVersion "1"]
[SourceVersionDate "2025.06.18"]
[SourceQuality "1"]
[WhiteTeam "Germany and Friends"]
[BlackTeam "WR Chess"]
[WhiteTeamCountry "GER"]
[BlackTeamCountry "GER"]

1. d4 Nf6 2. c4 e6 3. Nc3 Bb4 4. e3 0-0 5. Bd2 d5 6. Nf3 b6 7. cxd5 exd5 8. Rc1 Re8 9. Ne5 c5 10. Bb5 Bd7 11. Nxd7 Nbxd7 12. 0-0 Rc8 13. Qa4 a6 14. Bxd7 Qxd7 15. Qxa6 c4 16. a4 Ra8 17. Qb5 Qxb5 18. axb5 Ra5 19. Ra1 Rea8 20. Rxa5 Rxa5 21. f3 h5 22. Rb1 Bxc3 23. Bxc3 Rxb5 24. Ra1 Rb3 25. Ra8+ Kh7 26. Ra7 b5 27. Rb7 Ne8 28. Kf2 Nd6 29. Rb6 Nc8 30. Rb7 Nd6 31. Rb6 Nc8 32. Rb7 Nd6 33. Rb6 1/2-1/2

[Event "WchT Blitz Final"]
[Site "London"]
[Date "2025.06.15"]
[Round "2.2"]
[White "Nakamura, Hikaru"]
[Black "Bluebaum, Matthias"]
[Result "1/2-1/2"]
[WhiteElo "2804"]
[BlackElo "2663"]
[PlyCount "59"]
[EventDate "2025.06.15"]
[EventType "team-k.o. (blitz)"]
[EventRounds "4"]
[EventCountry "ENG"]
[SourceTitle "CB25_2025"]
[SourceDate "2025.06.18"]
[SourceVersion "1"]
[SourceVersionDate "2025.06.18"]
[SourceQuality "1"]
[WhiteTeam "WR Chess"]
[BlackTeam "Germany and Friends"]
[WhiteTeamCountry "GER"]
[BlackTeamCountry "GER"]

1. Nf3 d5 2. g3 e6 3. Bg2 Nf6 4. 0-0 Bd6 5. d4 0-0 6. c4 Nc6 7. Nbd2 a5 8. Qc2 Nb4 9. Qb1 c5 10. e3 Nc6 11. dxc5 Bxc5 12. b3 Qe7 13. Bb2 Rd8 14. Rd1 h6 15. a3 b6 16. Ne5 Bb7 17. Nxc6 Bxc6 18. cxd5 Bxd5 19. Bxd5 Rxd5 20. Bxf6 Qxf6 21. Ne4 Qe5 22. Rxd5 Qxd5 23. Qc2 Rd8 24. Nxc5 bxc5 25. Rc1 Rb8 26. Qxc5 Rxb3 27. Qc8+ Kh7 28. Qc2+ Qd3 29. Qxd3+ Rxd3 30. a4 1/2-1/2

[Event "WchT Blitz Pool C"]
[Site "London"]
[Date "2025.06.14"]
[Round "9.2"]
[White "Bluebaum, Matthias"]
[Black "Krivenko, Dion"]
[Result "1-0"]
[WhiteElo "2663"]
[BlackElo "2243"]
[PlyCount "68"]
[EventDate "2025.06.14"]
[EventType "team-tourn"]
[EventRounds "13"]
[EventCountry "ENG"]
[SourceTitle "CB25_2025"]
[SourceDate "2025.06.18"]
[SourceVersion "1"]
[SourceVersionDate "2025.06.18"]
[SourceQuality "1"]
[WhiteTeam "Germany and Friends"]
[BlackTeam "OlalaStars"]
[WhiteTeamCountry "GER"]
[BlackTeamCountry "EST"]

1. d4 d6 2. Nf3 Nf6 3. c4 g6 4. Nc3 Bg7 5. e4 0-0 6. Be2 e5 7. Be3 Nc6 8. d5 Ne7 9. Nd2 Ne8 10. c5 f5 11. f3 Kh8 12. Nc4 Bd7 13. a4 b6 14. cxd6 Nxd6 15. Nxd6 cxd6 16. 0-0 f4 17. Bf2 g5 18. Nb5 Rf6 19. Rc1 Bxb5 20. axb5 h5 21. Qb3 Ng6 22. Rc6 Qe7 23. Rfc1 Rd8 24. Qa3 Rd7 25. h3 g4 26. fxg4 f3 27. Bxf3 Nf4 28. Bh4 Qf7 29. Bxf6 Qxf6 30. Rf1 Bh6 31. gxh5 Qh4 32. Bg4 Rf7 33. g3 Nxh3+ 34. Bxh3 Be3+ 1-0

[Event "WchT Rapid"]
[Site "London"]
[Date "2025.06.11"]
[Round "4.2"]
[White "Bluebaum, Matthias"]
[Black "Short, Nigel D"]
[Result "1/2-1/2"]
[WhiteElo "2596"]
[BlackElo "2533"]
[PlyCount "147"]
[EventDate "2025.06.11"]
[EventType "team-swiss"]
[EventRounds "12"]
[EventCountry "ENG"]
[SourceTitle "CB25_2025"]
[SourceDate "2025.06.18"]
[SourceVersion "1"]
[SourceVersionDate "2025.06.18"]
[SourceQuality "1"]
[WhiteTeam "Germany and Friends"]
[BlackTeam "FIDE MB Team"]
[WhiteTeamCountry "GER"]

1. d4 e6 2. c4 Bb4+ 3. Bd2 Bxd2+ 4. Qxd2 Nf6 5. Nc3 d5 6. e3 0-0 7. cxd5 exd5 8. Bd3 a5 9. Nge2 b6 10. 0-0 Bb7 11. Rfd1 Qe7 12. Rac1 Rd8 13. b3 Nbd7 14. Nf4 g6 15. Qb2 Nf8 16. a3 Ne6 17. Nxe6 fxe6 18. b4 axb4 19. axb4 c6 20. e4 dxe4 21. Nxe4 Nd5 22. Bc4 Qxb4 23. Qxb4 Nxb4 24. Ng5 Bc8 25. Nxe6 Bxe6 26. Bxe6+ Kg7 27. Rb1 c5 28. dxc5 bxc5 29. h4 h5 30. g3 Rxd1+ 31. Rxd1 Ra7 32. Kg2 Rc7 33. Bc4 Nc6 34. Rd5 Ne7 35. Re5 Nf5 36. Re6 Re7 37. Rc6 Re5 38. Rc7+ Kh8 39. Bd3 Ne7 40. Kf3 Kg7 41. Bc4 Kf6 42. Kg2 Kg7 43. f4 Re4 44. Rxc5 Re3 45. Rc7 Kf8 46. Rd7 Nf5 47. Kf2 Re7 48. Rd8+ Kg7 49. Bd3 Ne3 50. Rd6 Ng4+ 51. Kg2 Nf6 52. Kf3 Rd7 53. Rxd7+ Nxd7 54. Bb5 Nc5 55. Ke3 Kf6 56. Kd4 Ne6+ 57. Ke4 Nc5+ 58. Kd5 Ne6 59. Bd7 Nf8 60. Bc8 Nh7 61. Kd6 Nf8 62. Bh3 Nh7 63. Kd5 Nf8 64. Ke4 Nh7 65. Bc8 Nf8 66. f5 g5 67. Kd4 gxh4 68. gxh4 Ng6 69. fxg6 Kxg6 70. Ke5 Kg7 71. Kf5 Kh8 72. Kg6 Kg8 73. Be6+ Kh8 74. Kh6 1/2-1/2

[Event "WchT Rapid"]
[Site "London"]
[Date "2025.06.11"]
[Round "1.1"]
[White "Bluebaum, Matthias"]
[Black "Wu, Li"]
[Result "1-0"]
[WhiteElo "2596"]
[BlackElo "2270"]
[PlyCount "65"]
[EventDate "2025.06.11"]
[EventType "team-swiss"]
[EventRounds "12"]
[EventCountry "ENG"]
[SourceTitle "CB25_2025"]
[SourceDate "2025.06.18"]
[SourceVersion "1"]
[SourceVersionDate "2025.06.18"]
[SourceQuality "1"]
[WhiteTeam "Germany and Friends"]
[BlackTeam "Chess Rising Stars"]
[WhiteTeamCountry "GER"]
[BlackTeamCountry "GRE"]

1. d4 d5 2. c4 e6 3. Nc3 c5 4. cxd5 exd5 5. Nf3 Nf6 6. Bg5 Be6 7. e3 c4 8. Bxf6 Qxf6 9. a3 Qd8 10. g3 Be7 11. Bg2 0-0 12. h4 h6 13. Ng1 Na6 14. Nge2 Nc7 15. Nf4 Qd7 16. 0-0 Rfd8 17. Nxe6 Qxe6 18. b3 b5 19. bxc4 bxc4 20. Qa4 g5 21. hxg5 Bxg5 22. e4 dxe4 23. Nxe4 Be7 24. Rfe1 Nd5 25. Qxc4 Nf4 26. Qxe6 Nxe6 27. d5 Nd4 28. d6 Bf8 29. Nf6+ Kg7 30. Nh5+ Kg6 31. Nf4+ Kf6 32. Bxa8 Rxa8 33. Re4 1-0

[Event "Titled Tuesday intern op 03rd Jan Late"]
[Site "Chess.com INT"]
[Date "2025.06.03"]
[Round "8"]
[White "Bluebaum, Matthias"]
[Black "Nakamura, Hikaru"]
[Result "1-0"]
[WhiteElo "2660"]
[BlackElo "2804"]
[PlyCount "39"]
[EventDate "2025.06.03"]
[EventType "swiss (blitz)"]
[EventRounds "11"]
[EventCountry "USA"]
[SourceTitle "CB24_2025"]
[SourceDate "2025.06.11"]
[SourceVersion "1"]
[SourceVersionDate "2025.06.11"]
[SourceQuality "1"]

1. d4 d5 2. c4 c6 3. Nf3 Nf6 4. Nc3 dxc4 5. e4 b5 6. Qc2 e6 7. Be2 Nbd7 8. 0-0 Bb7 9. b3 b4 10. e5 Nd5 11. Bg5 cxb3 12. axb3 Qc8 13. Nxd5 exd5 14. Bd3 c5 15. e6 Nf6 16. exf7+ Kxf7 17. Ne5+ Kg8 18. Bf5 Qe8 19. Rfe1 Ne4 20. Bxe4 1-0

[Event "Titled Tuesday intern op 03rd Jan Late"]
[Site "Chess.com INT"]
[Date "2025.06.03"]
[Round "1"]
[White "Kovacsy, Barnabas"]
[Black "Bluebaum, Matthias"]
[Result "0-1"]
[WhiteElo "2252"]
[BlackElo "2660"]
[PlyCount "28"]
[EventDate "2025.06.03"]
[EventType "swiss (blitz)"]
[EventRounds "11"]
[EventCountry "USA"]
[SourceTitle "CB24_2025"]
[SourceDate "2025.06.11"]
[SourceVersion "1"]
[SourceVersionDate "2025.06.11"]
[SourceQuality "1"]

1. e4 e6 2. d4 d5 3. exd5 exd5 4. Nf3 Nc6 5. Bb5 a6 6. Bxc6+ bxc6 7. 0-0 Bd6 8. Re1+ Ne7 9. c4 dxc4 10. Nbd2 0-0 11. Nxc4 Be6 12. Nce5 Bd5 13. Nd3 Ng6 14. Bg5 Bxf3 0-1

[Event "Titled Tuesday intern op 03rd Jan Late"]
[Site "Chess.com INT"]
[Date "2025.06.03"]
[Round "6"]
[White "Terry, Renato"]
[Black "Bluebaum, Matthias"]
[Result "0-1"]
[WhiteElo "2508"]
[BlackElo "2660"]
[PlyCount "66"]
[EventDate "2025.06.03"]
[EventType "swiss (blitz)"]
[EventRounds "11"]
[EventCountry "USA"]
[SourceTitle "CB24_2025"]
[SourceDate "2025.06.11"]
[SourceVersion "1"]
[SourceVersionDate "2025.06.11"]
[SourceQuality "1"]

1. Nf3 d5 2. g3 e6 3. Bg2 Nf6 4. 0-0 Bd6 5. b3 0-0 6. Bb2 Nc6 7. c4 d4 8. Nxd4 Nxd4 9. Bxd4 Bxg3 10. hxg3 Qxd4 11. Qc2 e5 12. Nc3 c6 13. Rad1 Qg4 14. Ne4 Qxe2 15. Nxf6+ gxf6 16. Rfe1 Qh5 17. d4 Bg4 18. Rd2 Rad8 19. Qc3 Rfe8 20. d5 cxd5 21. Bxd5 b6 22. Re3 Rd7 23. f3 Bf5 24. g4 Qg5 25. Kf2 Be6 26. Bxe6 Rxd2+ 27. Qxd2 Rxe6 28. Qd3 Kg7 29. b4 h5 30. Qe4 Rd6 31. c5 bxc5 32. bxc5 Rd4 33. Qf5 Qh4+ 0-1

[Event "Titled Tuesday intern op 03rd Jan Late"]
[Site "Chess.com INT"]
[Date "2025.06.03"]
[Round "11"]
[White "Woodward, Andy"]
[Black "Bluebaum, Matthias"]
[Result "1-0"]
[WhiteElo "2547"]
[BlackElo "2660"]
[PlyCount "117"]
[EventDate "2025.06.03"]
[EventType "swiss (blitz)"]
[EventRounds "11"]
[EventCountry "USA"]
[SourceTitle "CB24_2025"]
[SourceDate "2025.06.11"]
[SourceVersion "1"]
[SourceVersionDate "2025.06.11"]
[SourceQuality "1"]

1. d4 d5 2. Nf3 e6 3. Bf4 c5 4. e3 Nc6 5. Nbd2 Bd6 6. dxc5 Bxf4 7. exf4 Qf6 8. Rb1 Qxf4 9. b4 Nf6 10. Bd3 0-0 11. 0-0 e5 12. b5 e4 13. bxc6 bxc6 14. Rb4 Rb8 15. Qb1 Rxb4 16. Qxb4 Qc7 17. Nd4 exd3 18. cxd3 Re8 19. h3 h6 20. Qa4 Bd7 21. N2f3 Nh5 22. Qd1 Nf4 23. Qd2 Ng6 24. Rb1 Bc8 25. Re1 Rxe1+ 26. Qxe1 Bd7 27. g3 f6 28. h4 h5 29. Qe3 Qb8 30. Nxc6 Qb1+ 31. Kg2 Bxc6 32. Qe6+ Kh7 33. Qxc6 Qxd3 34. Qe6 Qe4 35. Qxe4 dxe4 36. Nd4 Ne7 37. c6 Kg6 38. c7 Nc8 39. f3 exf3+ 40. Kxf3 Kf7 41. Ke4 Ke7 42. Nf5+ Kd7 43. Nxg7 Kxc7 44. Nxh5 Nd6+ 45. Kf4 Nb5 46. Nxf6 Nc3 47. h5 Kd6 48. h6 Ke6 49. h7 Ne2+ 50. Kg5 Nxg3 51. h8Q Kd6 52. Qd8+ Kc5 53. Qd5+ Kb4 54. Qb3+ Ka5 55. Qxg3 a6 56. Qc3+ Ka4 57. Qb2 Ka5 58. Nd5 Ka4 59. Qb4# 1-0

[Event "GER-ch Blitz"]
[Site "Munich"]
[Date "2025.05.24"]
[Round "9"]
[White "Bluebaum, Matthias"]
[Black "Chassard, Cedric"]
[Result "1-0"]
[WhiteElo "2660"]
[BlackElo "2250"]
[PlyCount "91"]
[EventDate "2025.05.24"]
[EventType "tourn (blitz)"]
[EventRounds "29"]
[EventCountry "GER"]
[EventCategory "6"]
[SourceTitle "CB22_2025"]
[SourceDate "2025.05.28"]
[SourceVersion "1"]
[SourceVersionDate "2025.05.28"]
[SourceQuality "1"]

1. d4 Nf6 2. c4 e6 3. Nc3 Bb4 4. e3 0-0 5. Bd2 d5 6. Nf3 b6 7. cxd5 exd5 8. Rc1 Be7 9. Bd3 Bb7 10. Ne5 Nbd7 11. f4 Ne4 12. Nxe4 dxe4 13. Bc4 Nxe5 14. dxe5 Bd5 15. Qb3 c6 16. Bxd5 cxd5 17. Bb4 Bxb4+ 18. Qxb4 Qd7 19. 0-0 f6 20. Qd6 Qxd6 21. exd6 d4 22. Rc4 dxe3 23. Rxe4 Rad8 24. Rd1 Rfe8 25. Rxe8+ Rxe8 26. d7 Rd8 27. Kf1 Kf7 28. Ke2 Ke6 29. Kxe3 Rxd7 30. Rxd7 Kxd7 31. Ke4 Ke6 32. g4 f5+ 33. gxf5+ Kf6 34. b3 b5 35. b4 a6 36. a3 Ke7 37. Kd5 Kf6 38. Kc6 Kxf5 39. Kb6 Kxf4 40. Kxa6 g5 41. Kxb5 g4 42. Kc6 h5 43. b5 h4 44. b6 g3 45. hxg3+ hxg3 46. b7 1-0

[Event "GER-ch Blitz"]
[Site "Munich"]
[Date "2025.05.24"]
[Round "1"]
[White "Bluebaum, Matthias"]
[Black "Nothnagel, Marian Can"]
[Result "1-0"]
[WhiteElo "2660"]
[BlackElo "2434"]
[PlyCount "59"]
[EventDate "2025.05.24"]
[EventType "tourn (blitz)"]
[EventRounds "29"]
[EventCountry "GER"]
[EventCategory "6"]
[SourceTitle "CB22_2025"]
[SourceDate "2025.05.28"]
[SourceVersion "1"]
[SourceVersionDate "2025.05.28"]
[SourceQuality "1"]

1. d4 Nf6 2. c4 g6 3. Nc3 Bg7 4. e4 d6 5. Be2 0-0 6. Nf3 Nbd7 7. 0-0 e5 8. Be3 Qe7 9. Qc2 c6 10. Rad1 h6 11. h3 exd4 12. Rxd4 Re8 13. Bf4 Ne5 14. Qd2 Nh5 15. Bxh6 Nxf3+ 16. Bxf3 Bxd4 17. Qxd4 Qe5 18. Qd2 Be6 19. b3 Rad8 20. Be3 b6 21. Rd1 Rd7 22. Ne2 Rc8 23. Bd4 Qa5 24. Qh6 f6 25. Qxg6+ Ng7 26. Bxf6 Rf8 27. Bxg7 Rxg7 28. Qxe6+ Kh8 29. Qh6+ Kg8 30. Bg4 1-0

[Event "GER-ch Blitz"]
[Site "Munich"]
[Date "2025.05.24"]
[Round "17"]
[White "Bluebaum, Matthias"]
[Black "Yelisieiev, Yevhenii"]
[Result "1-0"]
[WhiteElo "2660"]
[BlackElo "2412"]
[PlyCount "53"]
[EventDate "2025.05.24"]
[EventType "tourn (blitz)"]
[EventRounds "29"]
[EventCountry "GER"]
[EventCategory "6"]
[SourceTitle "CB22_2025"]
[SourceDate "2025.05.28"]
[SourceVersion "1"]
[SourceVersionDate "2025.05.28"]
[SourceQuality "1"]

1. d4 d6 2. Nf3 Nf6 3. c4 Nbd7 4. Nc3 e5 5. Bg5 Be7 6. e3 c6 7. Qc2 0-0 8. Be2 h6 9. Bh4 Re8 10. 0-0 Qc7 11. Rad1 a6 12. a4 a5 13. h3 Bf8 14. Bg3 Nb8 15. c5 exd4 16. Rxd4 Rd8 17. Rfd1 Ne8 18. cxd6 Bxd6 19. Qd2 Bxg3 20. Rxd8 Bd7 21. Rxd7 Nxd7 22. Qxd7 Bd6 23. Qxc7 Bxc7 24. e4 Nd6 25. e5 Nf5 26. Rd7 Rc8 27. Bc4 1-0

[Event "GER-ch Blitz"]
[Site "Munich"]
[Date "2025.05.24"]
[Round "27"]
[White "Gloeckler, Christian"]
[Black "Bluebaum, Matthias"]
[Result "1-0"]
[WhiteElo "2429"]
[BlackElo "2660"]
[PlyCount "51"]
[EventDate "2025.05.24"]
[EventType "tourn (blitz)"]
[EventRounds "29"]
[EventCountry "GER"]
[EventCategory "6"]
[SourceTitle "CB22_2025"]
[SourceDate "2025.05.28"]
[SourceVersion "1"]
[SourceVersionDate "2025.05.28"]
[SourceQuality "1"]

1. e4 e6 2. d4 d5 3. e5 c5 4. c3 Nc6 5. Nf3 Nge7 6. Bd3 cxd4 7. cxd4 Nf5 8. Bxf5 exf5 9. Nc3 Be7 10. Ne2 0-0 11. Nf4 f6 12. h4 Qa5+ 13. Kf1 Qb5+ 14. Kg1 fxe5 15. dxe5 d4 16. a4 Qc4 17. Bd2 Be6 18. Rh3 Rfe8 19. Rg3 Bf8 20. Ng5 Nd8 21. Rc1 Qa6 22. Qh5 h6 23. Ngxe6 Nxe6 24. Nd5 Kh8 25. Nf6 Re7 26. Qg6 1-0

[Event "GER-ch Blitz"]
[Site "Munich"]
[Date "2025.05.24"]
[Round "12"]
[White "Schneider, Bernd"]
[Black "Bluebaum, Matthias"]
[Result "0-1"]
[WhiteElo "2339"]
[BlackElo "2660"]
[PlyCount "102"]
[EventDate "2025.05.24"]
[EventType "tourn (blitz)"]
[EventRounds "29"]
[EventCountry "GER"]
[EventCategory "6"]
[SourceTitle "CB22_2025"]
[SourceDate "2025.05.28"]
[SourceVersion "1"]
[SourceVersionDate "2025.05.28"]
[SourceQuality "1"]

1. c4 e6 2. Nc3 d5 3. cxd5 exd5 4. d4 Bb4 5. Nf3 Nf6 6. Bg5 h6 7. Bh4 0-0 8. e3 Bf5 9. Bd3 Bxd3 10. Qxd3 c6 11. 0-0 Nbd7 12. Rac1 Re8 13. a3 Bd6 14. Bg3 Bxg3 15. hxg3 Ne4 16. Nd2 Nxd2 17. Qxd2 Nf6 18. b4 Qd6 19. Na4 Ng4 20. Rc3 Nf6 21. Rc2 Re7 22. Nc5 Rae8 23. a4 Ng4 24. Nd3 g5 25. Qe2 f5 26. b5 Rxe3 27. Qd1 Rxg3 28. Ne5 Ra3 29. Nxg4 fxg4 30. Qxg4 Rxa4 31. bxc6 bxc6 32. Rfc1 Rc4 33. g3 Rxc2 34. Rxc2 a5 35. Qf3 a4 36. Rc5 Ra8 37. Qc3 Ra6 38. Qb4 Qc7 39. Qb1 Kg7 40. Rc2 a3 41. Re2 Qf7 42. Qd3 Ra7 43. Ra2 Qe7 44. Qc3 Qd6 45. Kg2 Ra4 46. Qb3 Qb4 47. Qe3 Qd6 48. Qe8 Rxd4 49. Re2 Re4 50. Rxe4 dxe4 51. Qxe4 Qd5 0-1

[Event "GER-ch Blitz"]
[Site "Munich"]
[Date "2025.05.24"]
[Round "23"]
[White "Zwahr, Paul"]
[Black "Bluebaum, Matthias"]
[Result "0-1"]
[WhiteElo "2272"]
[BlackElo "2660"]
[PlyCount "176"]
[EventDate "2025.05.24"]
[EventType "tourn (blitz)"]
[EventRounds "29"]
[EventCountry "GER"]
[EventCategory "6"]
[SourceTitle "CB22_2025"]
[SourceDate "2025.05.28"]
[SourceVersion "1"]
[SourceVersionDate "2025.05.28"]
[SourceQuality "1"]

1. e4 e6 2. d4 d5 3. Nd2 c5 4. Ngf3 Nf6 5. exd5 Nxd5 6. c3 cxd4 7. Nxd4 Bc5 8. N2f3 0-0 9. Bd3 h6 10. 0-0 Re8 11. Re1 Nd7 12. a3 a6 13. c4 N5f6 14. Nb3 Bf8 15. Be3 Qc7 16. h3 b6 17. Rc1 Bb7 18. Be2 Rad8 19. Qc2 Be4 20. Qc3 Bh7 21. Red1 Ne4 22. Qe1 Ndc5 23. Nxc5 Nxc5 24. Rxd8 Rxd8 25. Rd1 Rxd1 26. Qxd1 Be7 27. b4 Nd7 28. Bd4 a5 29. Qd2 axb4 30. axb4 Be4 31. Bc3 Qb7 32. Ne1 Nf6 33. Bf3 Qc6 34. Qd4 Bf8 35. Bxe4 Nxe4 36. b5 Qb7 37. Nd3 f5 38. Bb4 Bxb4 39. Nxb4 Nc5 40. Nc6 Qa8 41. Qd6 Kh7 42. Qe7 Qa1+ 43. Kh2 Qb2 44. Nd8 Qd4 45. Nf7 Qf4+ 46. Kg1 Ne4 47. f3 Qe3+ 48. Kh2 Qf4+ 49. Kg1 Ng3 50. Kf2 Ne4+ 51. Kg1 Qc1+ 52. Kh2 Nc5 53. Qf8 Qf4+ 54. Kg1 Kg6 55. Nh8+ Kh7 56. Nf7 Nd3 57. Qh8+ Kg6 58. Qe8 Qe3+ 59. Kh2 Kh7 60. Qh8+ Kg6 61. Qe8 Kf6 62. Nh8 Qe5+ 63. Kg1 Qd4+ 64. Kh2 Qd6+ 65. Kg1 Ne5 66. Qh5 Qd4+ 67. Kh2 Qxc4 68. Qe8 Qf4+ 69. Kg1 Qc1+ 70. Kh2 Qc7 71. Kg1 Qe7 72. Qb8 Qc5+ 73. Kh2 Nd7 74. Qg8 Qf8 75. Qh7 Ne5 76. f4 Nd7 77. Qg6+ Ke7 78. Qh7 Kd6 79. Ng6 Qf7 80. Nh8 Qf6 81. Qg8 e5 82. Qa8 exf4 83. Qf3 g5 84. Qa3+ Nc5 85. Qa8 g4 86. Qc6+ Ke7 87. Qc7+ Kf8 88. Qh7 g3+ 0-1

[Event "Titled Tuesday intern op 20th May Late"]
[Site "Chess.com INT"]
[Date "2025.05.20"]
[Round "6"]
[White "Bluebaum, Matthias"]
[Black "Klukin, Kirill"]
[Result "1/2-1/2"]
[WhiteElo "2660"]
[BlackElo "2407"]
[PlyCount "87"]
[EventDate "2025.05.20"]
[EventType "swiss (blitz)"]
[EventRounds "11"]
[EventCountry "USA"]
[SourceTitle "CB22_2025"]
[SourceDate "2025.05.28"]
[SourceVersion "1"]
[SourceVersionDate "2025.05.28"]
[SourceQuality "1"]

1. d4 e6 2. c4 f5 3. Nc3 Nf6 4. Nf3 Bb4 5. Bd2 b6 6. e3 Bb7 7. Bd3 0-0 8. 0-0 Bxc3 9. Bxc3 Ne4 10. Be1 d6 11. Kh1 Nd7 12. Ng1 Qe7 13. f3 Nef6 14. Qe2 g6 15. a4 a5 16. b4 axb4 17. Bxb4 e5 18. a5 e4 19. fxe4 Nxe4 20. Nf3 bxa5 21. Bxa5 Ndf6 22. Rfb1 Bc6 23. d5 Bd7 24. Be1 Ng4 25. Kg1 Nc5 26. Bd2 Rfe8 27. Rxa8 Rxa8 28. h3 Ne5 29. Nxe5 Qxe5 30. Bb4 Nxd3 31. Qxd3 Ra2 32. Bc3 Qg3 33. Bb2 f4 34. Qc3 Qxe3+ 35. Qxe3 fxe3 36. Bd4 e2 37. Kf2 Rc2 38. Rb8+ Kf7 39. Rh8 Rxc4 40. Rxh7+ Ke8 41. Rh8+ Kf7 42. Rh7+ Ke8 43. Rh8+ Kf7 44. Rh7+ 1/2-1/2

[Event "Titled Tuesday intern op 20th May Late"]
[Site "Chess.com INT"]
[Date "2025.05.20"]
[Round "9"]
[White "Bluebaum, Matthias"]
[Black "Kravtsiv, Martyn"]
[Result "1/2-1/2"]
[WhiteElo "2660"]
[BlackElo "2598"]
[PlyCount "165"]
[EventDate "2025.05.20"]
[EventType "swiss (blitz)"]
[EventRounds "11"]
[EventCountry "USA"]
[SourceTitle "CB22_2025"]
[SourceDate "2025.05.28"]
[SourceVersion "1"]
[SourceVersionDate "2025.05.28"]
[SourceQuality "1"]

1. d4 d5 2. c4 e6 3. Nc3 Nf6 4. cxd5 exd5 5. Bg5 Be7 6. e3 0-0 7. Bd3 h6 8. Bf4 c5 9. Nf3 Nc6 10. 0-0 cxd4 11. Nxd4 Nxd4 12. exd4 Bd6 13. Be5 Ng4 14. Bg3 Bxg3 15. hxg3 Qg5 16. Be2 Re8 17. Qc1 Nf6 18. Qxg5 hxg5 19. Bd3 Bd7 20. f3 Kf8 21. Kf2 Ke7 22. Rfe1+ Kd6 23. Bb5 a6 24. Bxd7 Nxd7 25. Rxe8 Rxe8 26. Rh1 Nb6 27. b3 f6 28. g4 Re7 29. Nd1 Nc8 30. Ne3 g6 31. Rh8 Rc7 32. Rf8 Ke6 33. Ke2 Ne7 34. Kd3 f5 35. g3 Rc8 36. Rxc8 Nxc8 37. a4 Ne7 38. Nd1 Nc6 39. Nf2 Ne7 40. Nh3 Kf6 41. Nf2 Ke6 42. Ke3 Ng8 43. Nh3 Kf6 44. gxf5 gxf5 45. f4 g4 46. Nf2 Ne7 47. Nd3 b6 48. Ne5 Ke6 49. Nd3 Nc8 50. Nc1 Nd6 51. Ne2 Ne4 52. Kd3 Kd6 53. Kc2 Kc6 54. Kd3 b5 55. axb5+ Kxb5 56. Kc2 Kb4 57. Kb2 a5 58. Kc2 a4 59. bxa4 Kxa4 60. Kd3 Kb4 61. Ke3 Kc4 62. Nc1 Nxg3 63. Nd3 Ne4 64. Ne5+ Kc3 65. Nc6 Nd6 66. Ne7 Kc4 67. Nc6 Kb5 68. Ne7 Kc4 69. Nc6 Nb5 70. Ne5+ Kc3 71. Nc6 g3 72. Ne7 Nxd4 73. Nxd5+ Kc4 74. Nf6 Kc3 75. Nd5+ Kc4 76. Nf6 Ne6 77. Kf3 Nxf4 78. Kxg3 Ng6 79. Kf3 Kd4 80. Nh5 Ke5 81. Ng3 f4 82. Ne2 Kf5 83. Nxf4 1/2-1/2

[Event "Titled Tuesday intern op 20th May Late"]
[Site "Chess.com INT"]
[Date "2025.05.20"]
[Round "10"]
[White "Rustemov, Alexander"]
[Black "Bluebaum, Matthias"]
[Result "1-0"]
[WhiteElo "2525"]
[BlackElo "2660"]
[PlyCount "117"]
[EventDate "2025.05.20"]
[EventType "swiss (blitz)"]
[EventRounds "11"]
[EventCountry "USA"]
[SourceTitle "CB22_2025"]
[SourceDate "2025.05.28"]
[SourceVersion "1"]
[SourceVersionDate "2025.05.28"]
[SourceQuality "1"]

1. d4 d5 2. c4 e6 3. cxd5 exd5 4. Nc3 Bb4 5. Nf3 Nf6 6. Bf4 0-0 7. e3 c5 8. dxc5 Qa5 9. Be5 Nfd7 10. Bd4 Nc6 11. Be2 Nxd4 12. Qxd4 Nxc5 13. 0-0 Ne6 14. Qd2 Rd8 15. Rfc1 Be7 16. Rd1 Nc7 17. Nd4 Ne8 18. Bf3 Nf6 19. h3 Qb6 20. Rac1 Bd7 21. Nde2 Be6 22. Nf4 Bb4 23. a3 Bxc3 24. Qxc3 Rac8 25. Qd2 h6 26. Ne2 Bf5 27. Qd4 Be4 28. Qxb6 axb6 29. Rxc8 Rxc8 30. Nc3 Bxf3 31. gxf3 Rc5 32. Rd3 g6 33. b4 Rc6 34. Nxd5 Nxd5 35. Rxd5 Kg7 36. Rd7 Kf6 37. Rxb7 Ke6 38. a4 h5 39. Kg2 f6 40. f4 g5 41. fxg5 fxg5 42. a5 bxa5 43. bxa5 Rc4 44. a6 Ra4 45. Ra7 Kf6 46. Ra8 Kg7 47. a7 Ra5 48. e4 Ra6 49. e5 Ra5 50. e6 Kf6 51. e7 Kxe7 52. Rh8 Rxa7 53. Rh7+ Kf6 54. Rxa7 Kf5 55. Kf3 Kg6 56. Ke4 h4 57. Ra6+ Kh5 58. Kf5 g4 59. hxg4# 1-0

[Event "German Masters 96th"]
[Site "Munich"]
[Date "2025.05.19"]
[Round "5"]
[White "Costa, Leonardo"]
[Black "Bluebaum, Matthias"]
[Result "1/2-1/2"]
[WhiteElo "2531"]
[BlackElo "2660"]
[PlyCount "86"]
[EventDate "2025.05.15"]
[EventType "tourn"]
[EventRounds "9"]
[EventCountry "GER"]
[EventCategory "15"]
[SourceTitle "CB22_2025"]
[SourceDate "2025.05.28"]
[SourceVersion "1"]
[SourceVersionDate "2025.05.28"]
[SourceQuality "1"]

1. e4 e6 2. d4 d5 3. e5 c5 4. c3 Nc6 5. Nf3 Qc7 6. Be2 f6 7. 0-0 fxe5 8. Nxe5 Bd6 9. Bb5 Nf6 10. Nd2 Bxe5 11. dxe5 Qxe5 12. Nf3 Qd6 13. Qa4 Bd7 14. Bf4 Qe7 15. Ne5 Nxe5 16. Bxe5 a6 17. Bxf6 gxf6 18. Bxd7+ Qxd7 19. Qh4 0-0 20. Qg4+ Kh8 21. Rfe1 Rae8 22. Rad1 Qd6 23. Qe4 Qc6 24. Qf3 b5 25. Rd2 Rd8 26. Red1 Rd6 27. h4 Qd7 28. Qe3 Rc8 29. f4 Qa7 30. Qf2 Qf7 31. a3 Qg8 32. h5 Qf7 33. h6 a5 34. Qf3 Rcd8 35. Qf2 Rc8 36. Qf3 Rcd8 37. Qf2 c4 38. Re1 Re8 39. Qc5 Qd7 40. Re3 Rg8 41. Re1 Re8 42. Qd4 Qf7 43. Qc5 Qd7 1/2-1/2

[Event "Titled Tuesday intern op 06th May Early"]
[Site "Chess.com INT"]
[Date "2025.05.06"]
[Round "2"]
[White "Bluebaum, Matthias"]
[Black "Martinez Reyes, Pedro Ramon"]
[Result "1-0"]
[WhiteElo "2660"]
[BlackElo "2361"]
[PlyCount "49"]
[EventDate "2025.05.06"]
[EventType "swiss (blitz)"]
[EventRounds "11"]
[EventCountry "USA"]
[SourceTitle "CB20_2025"]
[SourceDate "2025.05.14"]
[SourceVersion "1"]
[SourceVersionDate "2025.05.14"]
[SourceQuality "1"]

1. d4 d6 2. Nf3 Nf6 3. c4 Nbd7 4. Nc3 e5 5. Bg5 exd4 6. Nxd4 Be7 7. e3 0-0 8. Be2 h6 9. Bh4 Ne5 10. Qc2 Ng6 11. Bg3 a6 12. 0-0 Bg4 13. Bxg4 Nxg4 14. h3 Nf6 15. Rad1 Qc8 16. Nf5 Re8 17. b3 Bf8 18. Rd2 Qe6 19. Nd4 Qd7 20. Rfd1 Rad8 21. c5 dxc5 22. Nc6 Qxc6 23. Rxd8 Rxd8 24. Rxd8 Kh7 25. Rxf8 1-0